Biofertilizers Biopesticides in Sustainable Agriculture (Record no. 60774)
[ view plain ]
| 000 -LEADER | |
|---|---|
| fixed length control field | 00589nam a22002057a 4500 |
| 005 - DATE & TIME | |
| control field | 20260513115135.0 |
| 008 - FIXED-LENGTH DATA ELEMENTS--GENERAL INFORMATION | |
| fixed length control field | 260513b |||||||| |||| 00| 0 eng d |
| 020 ## - ISBN | |
| International Standard Book Number | 9781774634660 |
| Price | 10070.00 |
| 040 ## - CATALOGING SOURCE | |
| Original cataloging agency | Doon University |
| 041 ## - Language | |
| Language | English |
| 082 ## - DDC NUMBER | |
| Classification number | 631.8 |
| Book Number | BIO |
| 100 ## - MAIN ENTRY--PERSONAL NAME | |
| Personal name | Kaushik, B.D. (ed) |
| 245 ## - TITLE STATEMENT | |
| Title | Biofertilizers Biopesticides in Sustainable Agriculture |
| 260 ## - PUBLICATION, DISTRIBUTION, ETC. (IMPRINT) | |
| Place of publication, distribution, etc | Canada |
| Name of publisher, distributor, etc | Apple Academic Press |
| Date of publication, distribution, etc | 2020 |
| 300 ## - PHYSICAL DESCRIPTION | |
| Pages | 459 |
| 650 ## - Subject | |
| Subject | Biological Science (PM USHA) |
| 700 ## - Added Entry Personal Name | |
| Added Entry Personal Name | Deepak, Kumar (ed) |
| 700 ## - Added Entry Personal Name | |
| Added Entry Personal Name | Shamim, MD (ed) |
| 942 ## - ADDED ENTRY ELEMENTS (KOHA) | |
| Koha item type | Books |
| 100 ## - MAIN ENTRY--PERSONAL NAME | |
| -- | 26800 |
| 650 ## - Subject | |
| -- | 26674 |
| 700 ## - Added Entry Personal Name | |
| -- | 26801 |
| 700 ## - Added Entry Personal Name | |
| -- | 26802 |
| 952 ## - LOCATION AND ITEM INFORMATION (KOHA) | |
| -- | 2026-05-13 |
| 952 ## - LOCATION AND ITEM INFORMATION (KOHA) | |
| -- | 2026-05-13 |
| Withdrawn status | Lost status | Source of classification or shelving scheme | Damaged status | Not for loan | Location (home branch) | Sublocation or collection (holding branch) | Date acquired | Koha full call number | Accession No. | Koha date last seen | Koha item type | Koha issues (times borrowed) |
|---|---|---|---|---|---|---|---|---|---|---|---|---|
| Not For Loan | Doon University | Doon University | 13.05.2026 | 631.8 BIO | 33140 | 13.05.2026 | Reference | |||||
| Doon University | Doon University | 13.05.2026 | 631.8 BIO | 33141 | 13.05.2026 | Books |